000 00777nam a2200169 4500
008 231215b |||||||| |||| 00| 0 eng d
082 _a374.012
_bGLO
245 _aWriting the wrongs, international benchmarks on adult literacy:
_bBased on research funded by the Education for All Global Monitoring Report 2006 & UNESCO November 2005
260 _a [London],:
_b[ActionAid],
_c2005
260 _a[Johannesburg]:
_b[Global Campaign for Education],
_c [2005]
300 _a 79 p. : color ill. ; 30 cm
650 _aElementary education of adults
650 _aLiteracy programs- Africa
700 _aArcher, David
_ecomp.
856 _uhttps://www.right-to-education.org/sites/right-to-education.org/files/resource-attachments/Archer_Writing_the_Wrongs_2005_En.pdf
942 _cRP
999 _c4481
_d4481